Statistics for Summer Olympics - Medalists in Shooting

Click here to take the quiz!

General Stats

  • This quiz has been taken 32 times
    (9 since last reset)
  • The average score is 41 of 65

Answer Stats

Olympic Teams% Correct
Argentina
89%
Australia
89%
Austria
89%
Canada
89%
Germany
89%
Great Britain
89%
Greece
89%
Italy
89%
Mexico
89%
Russia
89%
Soviet Union
89%
United States
89%
Belgium
78%
Brazil
78%
Chile
78%
China
78%
Colombia
78%
Finland
78%
Hungary
78%
India
78%
New Zealand
78%
Norway
78%
Poland
78%
South Korea
78%
Spain
78%
Sweden
78%
Switzerland
78%
Belarus
67%
Czechia
67%
Denmark
67%
France
67%
Iran
67%
Japan
67%
Netherlands
67%
North Korea
67%
Peru
67%
Slovakia
67%
Ukraine
67%
Croatia
56%
Cuba
56%
Czechoslovakia
56%
East Germany
56%
Serbia
56%
Slovenia
56%
Unified Team
56%
United Arab Emirates
56%
West Germany
56%
Yugoslavia
56%
Azerbaijan
44%
Bulgaria
44%
Kazakhstan
44%
Kuwait
44%
Moldova
44%
Qatar
44%
Romania
44%
Russian Olympic Committee
44%
Venezuela
44%
Georgia
33%
Lithuania
33%
Mongolia
33%
Haiti
22%
Vietnam
22%
Independent Olympic Athletes
11%
San Marino
11%
Serbia and Montenegro
11%

Score Distribution

Percentile by Number Answered

Percent of People with Each Score

Your Score History

You have not taken this quiz since the last reset